01093nam a2200253 a 450000100100000000500170001000800410002702000150006804000250008324500970010826000720020530000230027749000490030050400290034950400730037870000280045170000390047970000370051870000400055571000700059583000520066595201050071799900170082200003986720201002033758.0130725s2003 sp 000 0 spa d a8400081773 aDO-SdBNPbspacBNPHU13aEl español de América 1992 /cPilar García Mouton (ed.) ; prólogo de Antonio Quilis. aMadrid :bConsejo Superior de Investigaciones Científicas,c2003. a482 p. : ;c24 cm.1 aRevista de filología española. Anejov93 aBibliografía : p. 9-13 aIncluye referencias bibliográficas y notas al pie de las páginas1 aQuilis, Antonio,9284811 aaGarcia Mouton, Pilar,eed.9660701 aQuilis, Antonio,epról.9284811 aGarcía Mouton, Pilar,eed.9660712 aConsejo Superior de Investigaciones Cientificas (España)966072 0aRevista de filología española. Anejo966073 001050718MOaGRbGRcCTd2013-07-25iLF1l0o p39867-10r2020-06-25w2020-06-25y1ZNo se presta c39357d39357